QUEST Central Library Banner

Facts are Fact: other side (Record no. 8490)

MARC details
000 -LEADER
fixed length control field 00252nam a2200109 4500
082 ## - DEWEY DECIMAL CLASSIFICATION NUMBER
Classification number 954.51MIR
100 ## - MAIN ENTRY--AUTHOR NAME
Personal name Mir, Khan Zaman
245 ## - TITLE STATEMENT
Title Facts are Fact: other side
260 ## - PUBLICATION, DISTRIBUTION, ETC. (IMPRINT)
Place of publication Muzzafarabad:
Name of publisher Kashmir Studies,
Year of publication 1984.
300 ## - PHYSICAL DESCRIPTION
Number of Pages 880p. ;
942 ## - ADDED ENTRY ELEMENTS (KOHA)
Koha item type Books
Holdings
Withdrawn status Lost status Home library Current library Date acquired Full call number Accession Number Koha item type
    Central Library, QUEST, Nawabshah Central Library, QUEST, Nawabshah 05/08/2014 954.51MIR 23132 Books

Copyright © 2018,The QUEST, Nawabshah, Shaheed Benazirabad. All rights reserved
Mr. G. Farooq Channar (Librarian) QUEST, Nawabshah, Sindh, Pakistan 67480.
 Ph#: |   0244-9370381-4 Ext. 2308   Email| lib@quest.edu.pk   Web|  http://www.quest.edu.pk